| 000 | 00901nam a2200325 a 4500 | ||
|---|---|---|---|
| 003 | AR-BaBNM | ||
| 005 | 20251128202725.0 | ||
| 008 | 082120s2002 ||||||||||||||000 | spa|| | ||
| 040 | _cAR-BaBNM | ||
| 245 | 0 | 0 | _aFilosofía de la educación |
| 260 |
_aBuenos Aires _bLosada _c1946 |
||
| 300 | _a303 p. | ||
| 490 | 0 |
_aBiblioteca pedagógica _vv. 15 |
|
| 504 | _aBibliografía al final de cada capítulo | ||
| 650 | 4 | _aTEORIAS DE LA EDUCACION | |
| 650 | 4 | _aFILOSOFIA DE LA EDUCACION | |
| 650 | 4 | _aOBJETIVOS EDUCACIONALES | |
| 650 | 4 | _aETICA | |
| 650 | 4 | _aPROBLEMAS MORALES | |
| 650 | 4 | _aREALISMO | |
| 650 | 4 | _aIDEALISMO | |
| 700 | 1 | _aKilpatrick, William H. | |
| 700 | 1 | _aBreed, Frederick S. | |
| 700 | 1 | _aHorne, Herman H. | |
| 700 | 1 | _aAdler, Mortimer J. | |
| 700 | 1 |
_aBrubacher, John M.S. _eprologuista |
|
| 800 | 1 |
_aLuzuriaga, Lorenzo _edirector |
|
| 942 | _cBK | ||
| 998 | _cCarmen | ||
| 999 |
_c256 _d256 |
||